000 01138nam a22002897a 4500
001 sjds
003 sjds
005 20250407213848.0
008 250407b |||||||| |||| 00| 0 eng d
020 _a9780545872546
020 _a0545872545
040 _csjds
041 _aeng
_aspa
100 1 0 _aSaenz, Benjamin Alire
245 1 3 _aLa perrita que le encantaban las tortillas :
_bun libro de Dieguito = The dog who loved tortillas : a Little Diego book
_cBenjamin Alire Sáenz (Author), Geronimo Garcia (Illustrator)
246 _aThe dog who loved tortillas :
_b a Little Diego book
246 _aLa perrita que le encantaban las tortillas
260 _a New York :
_b Scholastic Inc.,
_c2009
300 _a36 pages :
_bcolor illustrations ;
_c 21 x 26 cm
440 _a "A Little Diego Book."
440 _a"Un Libro de Dieguito."
500 _aBilingual = Bilingue
520 _aWhen Gabriela and her brother Little Diego get a puppy named Sofie, they fight over who she belongs to, but when Sofie gets very sick they find the answer
521 _aGrades 1-3.
700 1 0 _aGarcia, Geronimo
_eillustrator
942 _cBK
999 _c30939
_d30937